000 00555nam a2200217Ia 4500
008 160803s9999 xx 000 0 und d
020 _a0 590482599
100 _aNelisi, Lino
245 _aSione's talo /
245 _cby Lino Nelisi ; illustrated by Elspeth Williamson.
260 _aNew York :
260 _bScholastic Inc.
260 _c1992
300 _a16 pages :
300 _bcolor illustrations ;
300 _c23 cm.
440 _aBeginning literacy ;
440 _vstage B
650 _aChildren's stories.
700 _a470
999 _c299346
_d299346